Computational differential equations / (Record no. 8454)
[ view plain ]
| 000 -LEADER | |
|---|---|
| fixed length control field | 01059cam a2200277 a 4500 |
| 001 - CONTROL NUMBER | |
| control field | 4011692 |
| 003 - CONTROL NUMBER IDENTIFIER | |
| control field | OSt |
| 005 - DATE AND TIME OF LATEST TRANSACTION | |
| control field | 20240614104849.0 |
| 008 - FIXED-LENGTH DATA ELEMENTS--GENERAL INFORMATION | |
| fixed length control field | 960909s1996 enka b 001 0 eng d |
| 015 ## - NATIONAL BIBLIOGRAPHY NUMBER | |
| National bibliography number | GB96-71620 |
| 020 ## - INTERNATIONAL STANDARD BOOK NUMBER | |
| International Standard Book Number | 0521567386 |
| 020 ## - INTERNATIONAL STANDARD BOOK NUMBER | |
| International Standard Book Number | 0521563127 |
| 040 ## - CATALOGING SOURCE | |
| Transcribing agency | MUST |
| 082 00 - DEWEY DECIMAL CLASSIFICATION NUMBER | |
| Classification number | 515 COM 1996 |
| 100 ## - MAIN ENTRY--PERSONAL NAME | |
| Personal name | K Eriksson... ( et al) |
| 9 (RLIN) | 17186 |
| 245 00 - TITLE STATEMENT | |
| Title | Computational differential equations / |
| Statement of responsibility, etc. | K. Eriksson ... [et al.]. |
| 260 ## - PUBLICATION, DISTRIBUTION, ETC. (IMPRINT) | |
| Place of publication, distribution, etc. | Cambridge ; |
| -- | New York : |
| Name of publisher, distributor, etc. | Cambridge University Press, |
| Date of publication, distribution, etc. | 1996. |
| 300 ## - PHYSICAL DESCRIPTION | |
| Extent | xvi, 538 p. : |
| Other physical details | ill., ports. ; |
| Dimensions | 23 cm. |
| 504 ## - BIBLIOGRAPHY, ETC. NOTE | |
| Bibliography, etc | Includes bibliographical references (p. 529-530) and index. |
| 650 #0 - SUBJECT ADDED ENTRY--TOPICAL TERM | |
| Topical term or geographic name as entry element | Differential equations |
| General subdivision | Data processing. |
| 9 (RLIN) | 17187 |
| 700 1# - ADDED ENTRY--PERSONAL NAME | |
| Personal name | Eriksson, K. |
| Fuller form of name | (Kenneth) |
| 9 (RLIN) | 17188 |
| 856 42 - ELECTRONIC LOCATION AND ACCESS | |
| Materials specified | Publisher description |
| Uniform Resource Identifier | <a href="http://www.loc.gov/catdir/description/cam028/96226100.html">http://www.loc.gov/catdir/description/cam028/96226100.html</a> |
| 856 41 - ELECTRONIC LOCATION AND ACCESS | |
| Materials specified | Table of contents |
| Uniform Resource Identifier | <a href="http://www.loc.gov/catdir/toc/cam026/96226100.html">http://www.loc.gov/catdir/toc/cam026/96226100.html</a> |
| 942 ## - ADDED ENTRY ELEMENTS (KOHA) | |
| Source of classification or shelving scheme | Dewey Decimal Classification |
| Koha item type | Open Shelf |
| Withdrawn status | Lost status | Source of classification or shelving scheme | Damaged status | Not for loan | Home library | Current library | Source of acquisition | Inventory number | Total Checkouts | Full call number | Barcode | Date last seen | Koha item type | Date acquired | Price effective from |
|---|---|---|---|---|---|---|---|---|---|---|---|---|---|---|---|
| Dewey Decimal Classification | MUST Main Library | MUST Main Library | Purchase | 04/20924 | 515 COM 1996 | 2024-20475 | 14/06/2024 | Open Shelf | |||||||
| Dewey Decimal Classification | MUST Main Library | MUST Main Library | Purchase | 2004/20923 | 515 COM 1996 | 2024-20513 | 14/06/2024 | Open Shelf | 14/06/2024 | 14/06/2024 |
